Подробности
| 000 -МАРКЕР |
| контрольное поле |
02407nam0a22004211 4500 |
| 001 - ИДЕНТИФИКАТОР ЗАПИСИ |
| контрольное поле |
RU\NLR\A1\176 |
| 005 - ИДЕНТИФИКАТОР ВЕРСИИ |
| контрольное поле |
20260407102304.0 |
| 035 ## - ДРУГИЕ СИСТЕМНЫЕ НОМЕРА |
| Идентификатор записи |
(NLR Aleph) 009670346 |
| 100 ## - ДАННЫЕ ОБЩЕЙ ОБРАБОТКИ |
| Данные общей обработки |
19960429d1787 u y0rusy50 ca |
| 101 1# - ЯЗЫК РЕСУРСА |
| Язык текста, звукозаписи и т.д. |
русский |
| Язык оригинала |
латинский |
| 102 ## - СТРАНА ПУБЛИКАЦИИ ИЛИ ПРОИЗВОДСТВА |
| Страна публикации |
российская федерация |
| 140 ## - ПОЛЕ КОДИРОВАННЫХ ДАННЫХ: СТАРОПЕЧАТНЫЕ ИЗДАНИЯ - ОБЩАЯ ИНФОРМАЦИЯ |
| Кодированные данные о старопечатном издании - Основные |
y y zz yaa0000 |
| 200 1# - ЗАГЛАВИЕ И СВЕДЕНИЯ ОБ ОТВЕТСТВЕННОСТИ |
| Основное заглавие |
Генриха Корнелия Агриппы Разсуждение о монашеской жизни. |
| Первые сведения об ответственности |
Перевод с латинскаго [Л.М.Максимовича] |
| 205 ## - СВЕДЕНИЯ ОБ ИЗДАНИИ |
| Сведения об издании |
Издание второе |
| 210 ## - ПУБЛИКАЦИЯ, РАСПРОСТРАНЕНИЕ И ДР. |
| Место издания, распространения и т.д. |
Москва |
| Имя издателя, распространителя и т. д. |
в типографии Компании типографической |
| Дата издания, распространения и т.д. |
1787 |
| 215 ## - ФИЗИЧЕСКАЯ ХАРАКТЕРИСТИКА |
| Специфическое обозначение материала и объем |
29, [1] с. |
| Размеры |
8° |
| 306 ## - ПРИМЕЧАНИЯ, ОТНОСЯЩИЕСЯ К ПУБЛИКАЦИИ, РАСПРОСТРАНЕНИЮ И ИСПОЛНЕНИЯ ИЗДАНИЯ |
| Текст примечания |
В 1787 г. в моск. кн. лавках конфисковано 1227 экз. |
| 316 ## - ПРИМЕЧАНИЯ ОБ ОСОБЕННОСТЯХ ЭКЗЕМПЛЯРА |
| Текст примечания |
Экз. РНБ (18.123.6.6) в картонном пер., оклеенном мраморной бумагой. Корешок и уголки кожаные. На верхней крышке пер. наклейка с загл.: "Разсуждение о мона". Ярлыки с шифром РНБ на форзаце и нижней крышке пер. Обрез тонированный красный. Круглые штампы ГПБ на тит. л., с. 3, 15, 29 |
| Организация и экземпляр, к которому относится поле |
NLR: 18.123.6.6 |
| 316 ## - ПРИМЕЧАНИЯ ОБ ОСОБЕННОСТЯХ ЭКЗЕМПЛЯРА |
| Текст примечания |
Экз. РНБ (18.218.6.107) в картонном цельнотканевом пер. Ярлык с шифром РНБ на нижней крышке пер. Круглые штампы ГПБ на тит. л., с. 15 и 29 |
| Организация и экземпляр, к которому относится поле |
NLR: 18.218.6.107 |
| 321 1# - ПРИМЕЧАНИЯ ОБ ОТДЕЛЬНО ИЗДАННЫХ УКАЗАТЕЛЯХ / РЕФЕРАТАХ / ССЫЛКАХ, ОТРАЖАЮЩИХ КАТАЛОГИЗИРУЕМЫЙ ДОКУМЕНТ |
| Примечания об указателях, рефератах, ссылках |
СК XVIII 64 |
| 517 1# - ДРУГИЕ ВАРИАНТЫ ЗАГЛАВИЯ |
| Вариант заглавия |
Разсуждение о монашеской жизни |
| 518 1# - ЗАГЛАВИЕ В СТАНДАРТНОМ СОВРЕМЕННОМ ПРАВОПИСАНИИ |
| Основное заглавие, вариант заглавия или унифицированное заглавие |
Рассуждение о монашеской жизни |
| 620 ## - МЕСТО И ДАТА ПУБЛИКАЦИИ, ИСПОЛНЕНИЯ И Т. Д. |
| Город |
Москва |
| 700 #1 - ИМЯ ЛИЦА - ПЕРВИЧНАЯ ОТВЕТСТВЕННОСТЬ |
| Код отношения |
Автор |
| Материалы, к которым относится поле |
rus |
| Графика поля |
Кириллица |
| Начальный элемент ввода |
Агриппа Неттесгеймский |
| Часть имени, кроме начального элемента ввода |
Г. К. |
| Даты |
1486-1535 |
| Расширение инициалов личного имени |
Генрих Корнелий |
| Идентификатор авторитетной/нормативной записи |
RU\NLR\AUTH\77101273 |
| Системный номер авторитетной/нормативной записи |
84199 |
| 702 #1 - ИМЯ ЛИЦА - ВТОРИЧНАЯ ОТВЕТСТВЕННОСТЬ |
| Начальный элемент ввода |
Максимович |
| Часть имени, кроме начального элемента ввода |
Л.М. |
| Расширение инициалов личного имени |
Лев Максимович |
| Код отношения |
Переводчик |
| 712 02 - НАИМЕНОВАНИЕ ОРГАНИЗАЦИИ - ВТОРИЧНАЯ ОТВЕТСТВЕННОСТЬ |
| Код отношения |
Печатник (типограф) |
| Начальный элемент ввода |
Типографическая компания |
| Идентифицирующий признак |
Москва |
| Структурное подразделение |
Типография |
| Идентификатор авторитетной/нормативной записи |
RU\NLR\AUTH\889930188 |
| Системный номер авторитетной/нормативной записи |
355937 |
| 801 #0 - ИСТОЧНИК ЗАПИСИ |
| Страна |
российская федерация |
| Организация |
NLR |
| Дата составления |
19960429 |
| 852 ## - МЕСТОНАХОЖДЕНИЕ И ШИФР ХРАНЕНИЯ |
| Идентификатор организации |
NLR |
| Шифр хранения (Call Number) |
18.218.6.107 |
| 852 ## - МЕСТОНАХОЖДЕНИЕ И ШИФР ХРАНЕНИЯ |
| Идентификатор организации |
NLR |
| Шифр хранения (Call Number) |
18.123.6.6 |
| 899 ## - ДАННЫЕ О МЕСТОНАХОЖДЕНИИ (устаревшее) |
| Местонахождение |
РГБ |
| 899 ## - ДАННЫЕ О МЕСТОНАХОЖДЕНИИ (устаревшее) |
| Местонахождение |
БАН |
| 899 ## - ДАННЫЕ О МЕСТОНАХОЖДЕНИИ (устаревшее) |
| Местонахождение |
МГУ |
| 899 ## - ДАННЫЕ О МЕСТОНАХОЖДЕНИИ (устаревшее) |
| Местонахождение |
ГПИБ |
| 942 ## - ДОПОЛНИТЕЛЬНЫЕ ЭЛЕМЕНТЫ ЗАПИСИ (АБИС) |
| Тип экземпляра АБИС |
Книга |
| 980 ## - КОЛЛЕКЦИЯ |
| Название коллекции |
Национальная библиография |
| 980 ## - КОЛЛЕКЦИЯ |
| Название коллекции |
Русская книга гражданской печати XVIII в. в библиотеках РФ |